The shepherd leader : (Record no. 9547)
[ view plain ]
| 000 -LEADER | |
|---|---|
| fixed length control field | 01497cam a2200289 a 4500 |
| 001 - CONTROL NUMBER | |
| control field | 15978309 |
| 003 - CONTROL NUMBER IDENTIFIER | |
| control field | GBCCL |
| 005 - DATE AND TIME OF LATEST TRANSACTION | |
| control field | 20241126110714.0 |
| 008 - FIXED-LENGTH DATA ELEMENTS--GENERAL INFORMATION | |
| fixed length control field | 091109s2010 njua 001 0 eng |
| 010 ## - | |
| -- | 2009047315 |
| 020 ## - INTERNATIONAL STANDARD BOOK NUMBER | |
| International Standard Book Number | 9781596381315 (pbk.) |
| 040 ## - CATALOGING SOURCE | |
| Original cataloging agency | DLC |
| Transcribing agency | DLC |
| Modifying agency | DLC |
| 050 00 - | |
| -- | BV4520 |
| -- | .W538 2010 |
| 082 00 - DEWEY DECIMAL CLASSIFICATION NUMBER | |
| Classification number | 253 |
| Edition information | 22 |
| Item number | WIT |
| 100 1# - MAIN ENTRY--PERSONAL NAME | |
| Personal name | Witmer, Timothy Z., |
| Dates associated with a name | 1953- |
| 9 (RLIN) | 16613 |
| 245 14 - TITLE STATEMENT | |
| Title | The shepherd leader : |
| Remainder of title | achieving effective shepherding in your church / |
| Statement of responsibility, etc. | Timothy Z. Witmer. |
| 260 ## - PUBLICATION, DISTRIBUTION, ETC. | |
| Place of publication, distribution, etc. | Phillipsburg, N.J. : |
| Name of publisher, distributor, etc. | P & R Pub., |
| Date of publication, distribution, etc. | c2010. |
| 300 ## - PHYSICAL DESCRIPTION | |
| Extent | xi, 268 p. : |
| Other physical details | ill. ; |
| Dimensions | 22 cm. |
| 500 ## - GENERAL NOTE | |
| General note | Includes index. |
| 505 0# - FORMATTED CONTENTS NOTE | |
| Formatted contents note | Not a new idea: Old Testament themes -- Fulfillment: the Good Shepherd and the apostolic imperative -- Lost and found: where did all the shepherds go? -- The shepherd's biblical right to lead : a few words about authority -- Shepherds know the sheep -- Shepherds feed the sheep -- Shepherds lead the sheep -- Shepherds protect the sheep -- Seven essential elements of an effective shepherding ministry -- Implications of having a shepherding ministry -- Let's get started! Suggestions for implementation. |
| 650 #0 - SUBJECT ADDED ENTRY--TOPICAL TERM | |
| Topical term or geographic name entry element | Discipling (Christianity) |
| 9 (RLIN) | 4375 |
| 650 #0 - SUBJECT ADDED ENTRY--TOPICAL TERM | |
| Topical term or geographic name entry element | Elders (Church officers) |
| 9 (RLIN) | 16614 |
| 650 #0 - SUBJECT ADDED ENTRY--TOPICAL TERM | |
| Topical term or geographic name entry element | Christian leadership. |
| 9 (RLIN) | 1568 |
| 906 ## - LOCAL DATA ELEMENT F, LDF (RLIN) | |
| a | 7 |
| b | cbc |
| c | orignew |
| d | 1 |
| e | ecip |
| f | 20 |
| g | y-gencatlg |
| 942 ## - ADDED ENTRY ELEMENTS (KOHA) | |
| Source of classification or shelving scheme | Dewey Decimal Classification |
| Koha item type | Books |
| Koha issues (borrowed), all copies | 5 |
| Withdrawn status | Lost status | Source of classification or shelving scheme | Damaged status | Not for loan | Home library | Current Library | Shelving location | Date acquired | Total checkouts | Full call number | Barcode | Date last seen | Date last checked out | Copy number | Price effective from | Koha item type |
|---|---|---|---|---|---|---|---|---|---|---|---|---|---|---|---|---|
| Dewey Decimal Classification | GRACE BIBLE COLLEGE | GRACE BIBLE COLLEGE | Ministry & Mission | 2023-03-14 | 5 | 253 WIT | 016041 | 2025-05-01 | 2024-08-06 | c.1 | 2023-03-14 | Books |